| 000 | 00334nam a2200109Ia 4500 | ||
|---|---|---|---|
| 008 | 160531s9999 xx 000 0 und d | ||
| 100 | _aHajicek, Petr. | ||
| 245 | _aRealism-Completeness-Universality interpretation of quantum mechanics | ||
| 245 | _cby Petr Hajicek | ||
| 260 | _c2015 | ||
| 856 | _uhttp://arxiv.org/pdf/1509.05547v3.pdf | ||
| 999 |
_c295271 _d295271 |
||